| 000 | 01297nam a2200373 i 4500 | ||
|---|---|---|---|
| 001 | bg | ||
| 003 | BPK | ||
| 005 | 20220111141509.0 | ||
| 008 | 980922s1998 pl a f |001 0 pol | ||
| 015 | _aPB 1998/12416 | ||
| 020 | _a8320423279 | ||
| 020 | _a8320423287 | ||
| 040 |
_aWA N _cBPK |
||
| 041 | 0 | _apol | |
| 080 | _a517 | ||
| 080 | _a(075.8) | ||
| 100 | 1 |
_aŻakowski, Wojciech _d(1929-1993) _eAutor |
|
| 245 | 1 | 0 |
_aMatematyka. _nCz. 1 / _cWojciech Żakowski, Grzegorz Decewicz. |
| 250 | _aWyd. 16. | ||
| 260 |
_aWarszawa : _bWydawnictwa Naukowo-Techniczne, _c1998. |
||
| 300 |
_a256 s. : _brys., wykr. ; _c24 cm. |
||
| 490 | 1 | _aPodręczniki Akademickie. Elektronika, Informatyka, Telekomunikacja. | |
| 500 | _aNagroda Główna Atena '94. | ||
| 504 | _aBibliogr. s. 251. - Indeks. | ||
| 521 | 8 | _aDla kierunków elektroniki, informatyki i telekomunikacji. | |
| 650 | 4 | _aAnaliza matematyczna | |
| 655 | 4 | _aPodręczniki akademickie | |
| 658 | _aMatematyka | ||
| 700 | 1 |
_aDecewicz, Grzegorz _d(1943- ) _eAutor |
|
| 710 | 2 |
_aWydawnictwa Naukowo-Techniczne _4pbl. |
|
| 830 | 0 |
_aPodręczniki Akademickie _pEIT |
|
| 856 |
_uhttp://koha.tu.koszalin.pl/cgi-bin/koha/opac-detail.pl?biblionumber=44116 _yKatalog online BPK |
||
| 942 |
_2UKD _cKS |
||
| 999 |
_c44116 _d44116 |
||